Women's health : Complexities and differences
Challenging purely biomedical definitions of women's health, Women's Health: Complexities and Differences draws attention to social, cultural, and behavioral elements crucial to a broader understanding of the issues. The contributors to this volume raise important questions about the direc...
Uloženo v:
| Médium: | Kniha |
|---|---|
| Jazyk: | Undetermined |
| Vydáno: |
Columbus
Ohio State University Press
1997
|
| Témata: | |
| Tagy: |
Přidat tag
Žádné tagy, Buďte první, kdo otaguje tento záznam!
|
| Thư viện lưu trữ: | Trung tâm Học liệu Trường Đại học Cần Thơ |
|---|
| LEADER | 01034nam a2200217Ia 4500 | ||
|---|---|---|---|
| 001 | CTU_158485 | ||
| 008 | 210402s9999 xx 000 0 und d | ||
| 020 | |c 55 | ||
| 082 | |a 613.04244 | ||
| 082 | |b W872 | ||
| 245 | 0 | |a Women's health : | |
| 245 | 0 | |b Complexities and differences | |
| 245 | 0 | |c Edited by Sheryl Burt Ruzek, Virginia L. Olesen, Adele E. Clarke | |
| 260 | |a Columbus | ||
| 260 | |b Ohio State University Press | ||
| 260 | |c 1997 | ||
| 520 | |a Challenging purely biomedical definitions of women's health, Women's Health: Complexities and Differences draws attention to social, cultural, and behavioral elements crucial to a broader understanding of the issues. The contributors to this volume raise important questions about the directions currently being taken to improve women's health in the United States: Is women's health merely the absence of disease? | ||
| 650 | |a Women,Women's health services | ||
| 650 | |x Health and hygiene | ||
| 904 | |i Giang | ||
| 980 | |a Trung tâm Học liệu Trường Đại học Cần Thơ | ||